00318nam a2200109Ia 4500008004100000082000800041100002200049245002100071942000600092952009500098999001500193240331s9999 xx 000 0 und d bSUB aSubramaniyam, M.K 0aPeriyar meiyiyal cL 001040708LaWERCLbWERCLcSSCd2024-03-31l0o 305 SUBp2938r2024-03-31w2024-03-31yL c1508d1508